[Event "Madrid-ch Seniors 65"]
[Site "Madrid"]
[Date "2019.01.24"]
[Round "4"]
[White "Sanchez Lucena, Juan"]
[Black "Tome Salvador, Jose Antonio"]
[Result "0-1"]
[WhiteElo "1454"]
[BlackElo "1610"]
[PlyCount "50"]
[EventDate "2019.01.21"]
[EventType "swiss"]
[EventRounds "7"]
[EventCountry "ESP"]
[SourceTitle "CBM 188 Extra"]
[Source "ChessBase"]
[SourceDate "2019.02.26"]
[SourceVersion "1"]
[SourceVersionDate "2019.02.26"]
[SourceQuality "1"]

1. d4 d5 2. Nf3 Nf6 3. Bf4 e6 4. h3 Nc6 5. a3 Bd6 6. Bxd6 Qxd6 7. e3 0-0 8. Nbd2 Re8 9. c4 b6 10. Rc1 Bd7 11. Qc2 e5 12. dxe5 Nxe5 13. cxd5 Qxd5 14. Qb3 Qxb3 15. Nxb3 Nxf3+ 16. gxf3 c5 17. Nd2 Rad8 18. Rc3 Nd5 19. Rd3 Bb5 20. Rxd5 Rxd5 21. Bxb5 Red8 22. 0-0 Rxd2 23. Rb1 Rd1+ 24. Rxd1 Rxd1+ 25. Kg2 Rb1 0-1

[Event "Madrid-ch Seniors 65"]
[Site "Madrid"]
[Date "2019.01.22"]
[Round "2"]
[White "Tome Salvador, Jose Antonio"]
[Black "Martin Rodriguez, Jose Luis"]
[Result "1-0"]
[WhiteElo "1610"]
[BlackElo "1285"]
[PlyCount "53"]
[EventDate "2019.01.21"]
[EventType "swiss"]
[EventRounds "7"]
[EventCountry "ESP"]
[SourceTitle "CBM 188 Extra"]
[Source "ChessBase"]
[SourceDate "2019.02.26"]
[SourceVersion "1"]
[SourceVersionDate "2019.02.26"]
[SourceQuality "1"]

1. d4 Nf6 2. c4 e6 3. Nf3 Bb4+ 4. Nc3 d5 5. e3 0-0 6. Bd2 b6 7. Bd3 dxc4 8. Bxc4 Bb7 9. 0-0 Nc6 10. Re1 Ne7 11. a3 Bxc3 12. Bxc3 Ne4 13. Rc1 Nxc3 14. Rxc3 Ng6 15. Be2 Rc8 16. Qa4 Bd5 17. Rec1 c5 18. dxc5 Bc6 19. Qxa7 bxc5 20. R3c2 Qf6 21. b4 Bxf3 22. Bxf3 Ne5 23. Be2 Rfd8 24. Rxc5 Ra8 25. Qxa8 Nd7 26. Rc8 Qb2 27. Rxd8+ 1-0

[Event "Madrid-ch Seniors 65 1718"]
[Site "Madrid"]
[Date "2018.01.26"]
[Round "5"]
[White "Martinez de la Puente, Ignacio"]
[Black "Tome Salvador, Jose Antonio"]
[Result "1/2-1/2"]
[WhiteElo "1752"]
[BlackElo "1620"]
[PlyCount "114"]
[EventDate "2018.01.22"]
[EventType "swiss"]
[EventRounds "7"]
[EventCountry "ESP"]
[SourceTitle "EXT 2020"]
[Source "ChessBase"]
[SourceDate "2019.10.17"]
[SourceVersion "1"]
[SourceVersionDate "2019.10.17"]
[SourceQuality "1"]

1. e4 e5 2. Nc3 Nf6 3. Bc4 Bc5 4. d3 h6 5. h3 d6 6. Qe2 Nc6 7. Nf3 Na5 8. Be3 Bxe3 9. Qxe3 Nxc4 10. dxc4 Be6 11. Nd5 c6 12. Nxf6+ Qxf6 13. Nd2 c5 14. b3 Qf4 15. Nf1 f5 16. exf5 Bxf5 17. 0-0-0 0-0-0 18. g3 Qe4 19. Qxe4 Bxe4 20. Rg1 Rhf8 21. f4 exf4 22. Re1 Bc6 23. gxf4 Rd7 24. Rg4 Rdf7 25. Nd2 Bd7 26. Rg3 Bf5 27. Ne4 Kd7 28. Nc3 Re8 29. Rge3 Rxe3 30. Rxe3 Re7 31. Rxe7+ Kxe7 32. h4 Bd7 33. Kd2 Bc6 34. Ne2 Kf6 35. Ng3 a5 36. a3 b6 37. c3 d5 38. Kd3 Bb7 39. cxd5 Bxd5 40. b4 g6 41. bxa5 bxa5 42. Ke3 h5 43. Ne4+ Bxe4 44. Kxe4 Ke6 45. a4 Kd6 46. f5 gxf5+ 47. Kxf5 Kd5 48. Kg5 Kc4 49. Kxh5 Kxc3 50. Kg4 Kb3 51. h5 c4 52. h6 c3 53. h7 c2 54. h8Q c1Q 55. Qe8 Qc4+ 56. Kf3 Qxa4 57. Qe3+ Kb2 1/2-1/2

[Event "Collado Villalba op-B 29th"]
[Site "Collado Villalba"]
[Date "2012.08.24"]
[Round "1"]
[White "Pimienta Sanchez, Manuel"]
[Black "Tome Salvador, Jose Antonio"]
[Result "1-0"]
[WhiteElo "1890"]
[BlackElo "1698"]
[PlyCount "116"]
[EventDate "2012.08.24"]
[EventType "swiss"]
[EventRounds "9"]
[EventCountry "ESP"]
[SourceTitle "CBM 150 Extra"]
[Source "ChessBase"]
[SourceDate "2012.10.19"]
[SourceVersion "1"]
[SourceVersionDate "2012.10.19"]
[SourceQuality "1"]

1. d4 d5 2. c4 e6 3. Nc3 Nf6 4. Bg5 Nbd7 5. cxd5 exd5 6. e3 Be7 7. Nf3 0-0 8. Be2 c6 9. 0-0 h6 10. Bh4 Re8 11. h3 Ne4 12. Bxe7 Qxe7 13. a3 Nf8 14. Ne5 Be6 15. Bf3 Nxc3 16. bxc3 Nd7 17. Nd3 f6 18. a4 a5 19. Rb1 Rab8 20. Bh5 Bf7 21. Nf4 Bxh5 22. Qxh5 Nf8 23. Ne2 Qf7 24. Qg4 Qg6 25. Qf3 Qe4 26. Qg3 Qg6 27. Qc7 Qf7 28. Qxa5 Qe7 29. Qb4 Ne6 30. a5 Qc7 31. Ng3 g6 32. Ne2 Kf7 33. Rfc1 Re7 34. Ra1 b5 35. axb6 Rxb6 36. Qa5 Qb8 37. Qa8 Reb7 38. Qxb8 Rxb8 39. Ra7+ R8b7 40. Rxb7+ Rxb7 41. Kf1 f5 42. c4 Rc7 43. Ke1 Ke7 44. cxd5 cxd5 45. Rxc7+ Nxc7 46. Nf4 Kf6 47. Kd2 g5 48. Nd3 Ke6 49. g3 Ne8 50. Ne5 Nf6 51. f3 h5 52. Ke2 g4 53. hxg4 hxg4 54. Ng6 Nh5 55. Nf4+ Nxf4+ 56. exf4 gxf3+ 57. Kxf3 Kf6 58. g4 Kg6 1-0

[Event "ESP-ch Veterans"]
[Site "Madrid"]
[Date "2010.02.18"]
[Round "9"]
[White "Olano Lanchas, Dionisio"]
[Black "Tome Salvador, Jose Antonio"]
[Result "1/2-1/2"]
[WhiteElo "1822"]
[BlackElo "1739"]
[PlyCount "102"]
[EventDate "2010.02.08"]
[EventType "swiss"]
[EventRounds "9"]
[EventCountry "ESP"]
[SourceTitle "CBM 134 Extra"]
[Source "ChessBase"]
[SourceDate "2010.03.03"]
[SourceVersion "1"]
[SourceVersionDate "2010.03.03"]
[SourceQuality "1"]

1. e4 e5 2. Bc4 Nf6 3. Nc3 Nc6 4. a3 d6 5. Nf3 Be7 6. h3 Be6 7. Qe2 0-0 8. Bb5 Bd7 9. Bc4 Be6 10. Nd5 a6 11. a4 h6 12. c3 Re8 13. d3 Bf8 14. Be3 Rb8 15. b4 Bxd5 16. Bxd5 Nxd5 17. exd5 Ne7 18. c4 c6 19. dxc6 Nxc6 20. Qb2 d5 21. c5 d4 22. Bd2 e4 23. dxe4 Rxe4+ 24. Kf1 b6 25. cxb6 Qxb6 26. g3 Bxb4 27. Rb1 Bc5 28. Qxb6 Rxb6 29. Rxb6 Bxb6 30. Kg2 Ba5 31. Rc1 Bc3 32. Bxc3 dxc3 33. Rxc3 Ne5 34. Ra3 Nxf3 35. Kxf3 Rb4 36. h4 h5 37. a5 Rb5 38. Kf4 g6 39. Ke4 Kf8 40. Kd4 f5 41. Ke3 Kf7 42. Kf4 Kf6 43. Rd3 Rb4+ 44. Kf3 Re4 45. Rd6+ Re6 46. Rxe6+ Kxe6 47. Kf4 Kf6 48. f3 Ke6 49. Ke3 Ke5 50. Kd3 Kd5 51. Ke3 Ke5 1/2-1/2

[Event "ESP-ch Veterans"]
[Site "Madrid"]
[Date "2010.02.12"]
[Round "5"]
[White "Fernandez Bujarrabal, Pedro V"]
[Black "Tome Salvador, Jose Antonio"]
[Result "1-0"]
[WhiteElo "1804"]
[BlackElo "1739"]
[PlyCount "47"]
[EventDate "2010.02.08"]
[EventType "swiss"]
[EventRounds "9"]
[EventCountry "ESP"]
[SourceTitle "CBM 134 Extra"]
[Source "ChessBase"]
[SourceDate "2010.03.03"]
[SourceVersion "1"]
[SourceVersionDate "2010.03.03"]
[SourceQuality "1"]

1. e4 e5 2. Nf3 Nf6 3. d4 Nxe4 4. dxe5 d5 5. exd6 Nxd6 6. Bd3 Be7 7. 0-0 0-0 8. Nc3 Be6 9. Be3 Nc6 10. a3 Bc4 11. Re1 Bf6 12. Qd2 Re8 13. Rad1 Bxd3 14. Qxd3 Ne5 15. Nxe5 Bxe5 16. Bd4 Bxd4 17. Qxd4 Rxe1+ 18. Rxe1 g6 19. Nd5 Nf5 20. Nf6+ Kg7 21. Ne8+ Kg8 22. Qc3 c6 23. g4 Qd4 24. gxf5 1-0

[Event "Galapagar op 09th"]
[Site "Galapagar"]
[Date "2008.07.20"]
[Round "2"]
[White "Rodriguez Garcia, Jose Maria"]
[Black "Tome Salvador, Jose Antonio"]
[Result "1-0"]
[WhiteElo "1996"]
[BlackElo "1815"]
[PlyCount "27"]
[EventDate "2008.07.19"]
[EventType "swiss"]
[EventRounds "9"]
[EventCountry "ESP"]
[SourceTitle "EXT 2009"]
[Source "ChessBase"]
[SourceDate "2008.11.26"]
[SourceVersion "1"]
[SourceVersionDate "2008.11.26"]
[SourceQuality "1"]

1. d4 d5 2. Nf3 Nf6 3. e3 Nc6 4. c3 e6 5. Bd3 Be7 6. Nbd2 a6 7. 0-0 b5 8. Re1 0-0 9. e4 dxe4 10. Nxe4 Bb7 11. Nfg5 Nxe4 12. Nxe4 e5 13. d5 Qxd5 14. Nf6+ 1-0